Statistics for Country Pairs: Panama and...

Click here to take the quiz!

General Stats

  • This quiz has been taken 22 times
  • The average score is 9 of 15

Answer Stats

DescriptionPanama and...% Correct
Borders Costa RicaNicaragua
100%
Hosts a vital canal connecting two oceansEgypt
90%
Central American country whose capital ends in "City"Guatemala
90%
Separated by the Darién GapColombia
86%
American country with a red, white, and blue flag containing multiple starsUnited States
86%
Central American country with a red, white, and blue flag (excluding seals)Costa Rica
76%
Borders both the previous answer and the Caribbean SeaVenezuela
71%
Coastal American country starting with PPeru
62%
Six-letter country starting with PPoland
38%
American country with a population between 3 and 5 millionUruguay
38%
Starts with P and is in both the Northern and Western HemispheresPortugal
33%
Mainland American country whose capital starts with PSuriname
33%
Starts with P and ends with APapua New Guinea
24%
Has a red, white, and blue flag with stars that aren't whiteNew Zealand
19%
Has a flag with exactly two stars set on a diagonalSaint Kitts and Nevis
10%

Score Distribution

Percentile by Number Answered

Percent of People with Each Score

Your Score History

You have not taken this quiz